Countries of Oceania Speedrun. - Statistics

General Stats
  • This quiz has been taken 79 times
    73 since last reset
  • The average score is 10 of 14
Answer Stats
Answer % Correct
Australia
92%
New Zealand
92%
Tonga
77%
Nauru
73%
Palau
73%
Papua New Guinea
73%
Fiji
69%
Marshall Islands
69%
Tuvalu
69%
Kiribati
62%
Micronesia
62%
Vanuatu
58%
Samoa
54%
Solomon Islands
50%
No matching quizzes found
Score Distribution
Percent of People with Each Score
Percentile by Number Answered
Your Score History
You have not taken this quiz since the last reset